| 000 | 00334nam a22001097a 4500 | ||
|---|---|---|---|
| 008 | 240730b |||||||| |||| 00| 0 eng d | ||
| 040 |
_aNational Science Library _cNational Science Library |
||
| 080 |
_a025.45=40 _bK3 |
||
| 245 | _aLa classification decimale universelle | ||
| 260 |
_aParis: _bGauthier-Villars, _c1964 |
||
| 942 |
_2udc _cBK |
||
| 999 |
_c65131 _d65131 |
||